| 000 | 01926nam a22002897a 4500 | ||
|---|---|---|---|
| 005 | 2012050800420.0 | ||
| 010 | _aB-472405-08 B-483273 | ||
| 020 | _c60.00 | ||
| 035 | _aB-472405-08 B-483273 | ||
| 037 | _bBPPD | ||
| 082 | _a270 | ||
| 100 |
_aمو لف: اسر ار احمد _952749 |
||
| 245 |
_aاسلا م مين عو ر ت کا مقا م _cمو لف :ڈا کٹر اسر ا ر احمد |
||
| 246 | _aIs lam Mein Aurat Ka Maqam | ||
| 250 | _aEd. by Dr. Israr Ahmed | ||
| 260 |
_aنئ دھلی _b ا ر يب پبليکيشنز _c2012 |
||
| 270 |
_a1542،پٹو دی ہا ؤس د ر يا گنج _bنئ دھلی _e110002 |
||
| 300 |
_a152 ص _c22cm (Pb) |
||
| 942 |
_2ddc _cUR _h270 _mا س ل |
||
| 999 |
_c66514 _d66514 |
||